[Event "Oberliga NRW 8889 playoff"]
[Site "Germany"]
[Date "1989.??.??"]
[Round "2"]
[White "Skolarski, Hans Georg"]
[Black "Oeljeklaus, Guenter"]
[Result "1/2-1/2"]
[WhiteElo "2260"]
[BlackElo "2070"]
[PlyCount "71"]
[EventDate "1989.05.??"]
[EventType "team"]
[EventRounds "1"]
[EventCountry "GER"]
[SourceTitle "EXT 1997"]
[Source "ChessBase"]
[SourceDate "1996.11.15"]
[SourceVersion "1"]
[SourceVersionDate "1996.11.15"]
[SourceQuality "1"]
[WhiteTeam "Bottrop"]
[BlackTeam "Koeln Gerling"]
[WhiteTeamCountry "GER"]
[BlackTeamCountry "GER"]

1. e4 c5 2. Nf3 Nc6 3. d4 cxd4 4. Nxd4 g6 5. c4 Nf6 6. Nc3 Nxd4 7. Qxd4 d6 8. Bg5 Bg7 9. Be2 Be6 10. f3 0-0 11. Qd2 Rc8 12. b3 a6 13. Rc1 Qa5 14. Nd5 Qxd2+ 15. Kxd2 Bxd5 16. cxd5 Rfe8 17. Bc4 Nd7 18. Rc2 Bd4 19. b4 f6 20. Bf4 Rc7 21. Rhc1 Rec8 22. Bf1 Rxc2+ 23. Rxc2 Rxc2+ 24. Kxc2 Kf7 25. a4 Ke8 26. Bd2 Bb6 27. f4 Bg1 28. h3 Bf2 29. Be2 Bb6 30. Bg4 Kd8 31. Kd3 Bf2 32. Kc4 Nb6+ 33. Kb3 Nd7 34. Be2 Bb6 35. h4 Bf2 36. h5 1/2-1/2

[Event "Oberliga NRW 8889 I"]
[Site "Germany"]
[Date "1989.??.??"]
[Round "2"]
[White "Skolarski, Hans Georg"]
[Black "Zimmermann, Rolf"]
[Result "1/2-1/2"]
[WhiteElo "2260"]
[BlackElo "2140"]
[PlyCount "61"]
[EventDate "1988.10.??"]
[EventType "team"]
[EventRounds "9"]
[EventCountry "GER"]
[SourceTitle "EXT 1997"]
[Source "ChessBase"]
[SourceDate "1996.11.15"]
[SourceVersion "1"]
[SourceVersionDate "1996.11.15"]
[SourceQuality "1"]
[WhiteTeam "Bottrop"]
[BlackTeam "Duesseldorf SG"]
[WhiteTeamCountry "GER"]
[BlackTeamCountry "GER"]

1. e4 c6 2. d4 d5 3. Nc3 dxe4 4. Nxe4 Nd7 5. Bc4 Ngf6 6. Ng5 e6 7. Qe2 Nb6 8. Bd3 h6 9. N5f3 c5 10. dxc5 Bxc5 11. Ne5 Nbd7 12. Ngf3 Nxe5 13. Nxe5 Bd6 14. f4 Qc7 15. Bd2 Bd7 16. 0-0-0 Bc6 17. Kb1 0-0-0 18. Rhe1 Rhf8 19. g3 Nd7 20. Nxc6 Qxc6 21. Ba5 Nb6 22. Bb5 Qc5 23. b4 Qc3 24. Rd3 Qf6 25. Bxb6 axb6 26. Qe4 Kb8 27. Red1 Bc7 28. Bd7 g5 29. f5 Qxf5 30. Qxf5 exf5 31. Bxf5 1/2-1/2

[Event "Oberliga NRW 8788 II"]
[Site "Germany"]
[Date "1988.??.??"]
[Round "2"]
[White "Skolarski, Hans Georg"]
[Black "Topolewski, Dirk"]
[Result "1/2-1/2"]
[WhiteElo "2220"]
[BlackElo "2125"]
[PlyCount "27"]
[EventDate "1987.10.??"]
[EventType "team"]
[EventRounds "9"]
[EventCountry "GER"]
[SourceTitle "EXT 1997"]
[Source "ChessBase"]
[SourceDate "1996.11.15"]
[SourceVersion "1"]
[SourceVersionDate "1996.11.15"]
[SourceQuality "1"]
[WhiteTeam "Bottrop"]
[BlackTeam "Welper SV"]
[WhiteTeamCountry "GER"]
[BlackTeamCountry "GER"]

1. Nf3 Nf6 2. g3 b5 3. Bg2 Bb7 4. 0-0 e6 5. d3 d5 6. a4 b4 7. c3 c5 8. c4 Be7 9. b3 0-0 10. Bb2 Nbd7 11. Ne5 Nxe5 12. Bxe5 Nd7 13. Bb2 Bf6 14. Qc2 1/2-1/2